00449nam a2200169Ia 450000500170000000800410001702000140005804000190007204100120009108200110010310000190011424500380013326000630017130000120023465000230024685000100026920230624112058.0131103s9999 xx 000 0 und d a340558768 aLoreto College aEnglish aFbARC aArcher,Jeffrey aAs the crow fliescJeffrey Archer aGreat BritainbCoronet Books/Hodder & Stoughton Ltd.c1991 a839 p.  aFiction in English aLCLIB